Państwa w Cesarstwie Bizantyjskim - Statystyki

Ogólne statystyki
  • Ten quiz został rozwiązany 20 203 razy
    17 938 od ostatniego zresetowania
  • Średni wynik to 29 z 36
Statystyki odpowiedzi
Procent Kraj % Poprawnych
~85% Turcja
96%
~95% Włochy
95%
100% Grecja
94%
~60% Egipt
90%
~80% Serbia
89%
100% Bułgaria
88%
~8% Francja
87%
~30% Hiszpania
87%
~20% Rumunia
87%
~65% Chorwacja
86%
100% Albania
85%
100% Izrael
85%
100% Macedonia Północna
83%
~10% Algieria
82%
100% Bośnia i Hercegowina
81%
100% Kosowo
81%
~15% Maroko
80%
~25% Słowenia
80%
~50% Syria
80%
100% Czarnogóra
79%
~20% Libia
79%
~1% Austria
77%
~1% Rosja
77%
~85% Tunezja
76%
~10% Portugalia
75%
100% Cypr
74%
~2% Arabia Saudyjska
73%
~5% Gruzja
73%
~1% Ukraina
73%
100% Liban
72%
~15% Szwajcaria
69%
~40% Jordania
68%
100% San Marino
68%
100% Watykan
68%
100% Malta
67%
100% Monako
59%
Nie znaleziono quizów pasujących do podanych kryteriów
Rozkład punktacji
Procent ludzi z każdym wynikiem
Percentyl według liczby udzielonych odpowiedzi
Twoja historia wyników
Nie rozwiązałeś tego quizu od ostatniego zresetowania